Statistics for Every Drake Song

Click here to take the quiz!

General Stats

  • This quiz has been taken 42 times
  • The average score is 32 of 208

Answer Stats

Answer% Correct
Hotline Bling
62%
Marvin's Room
59%
Started from the Bottom
59%
Best I Ever Had
53%
Headlines
50%
Take Care
50%
Passionfruit
47%
The Motto
47%
Energy
44%
Fake Love
44%
Hold On, We're Going Home
44%
Jungle
41%
Controlla
38%
Find Your Love
38%
Jumpman
38%
One Dance
38%
Teenage Fever
38%
Forever
35%
Too Good
35%
Childs Play
32%
Crew Love
32%
Do Not Disturb
32%
Over
32%
Portland
32%
Views
32%
4422
29%
6 God
29%
6PM in New York
29%
All Me
29%
Doing It Wrong
29%
HYFR
29%
Hype
29%
Make Me Proud
29%
Pop Style
29%
Practice
29%
9
26%
Feel No Ways
26%
Furthest Thing
26%
KMT
26%
Legend
26%
Still Here
26%
The Language
26%
Tuscan Leather
26%
Wu-Tang Forever
26%
305 to My City
24%
6 Man
24%
Back to Back
24%
Blem
24%
Fancy
24%
Fireworks
24%
Free Smoke
24%
From Time
24%
Look What You've Done
24%
Own It
24%
Preach
24%
Redemption
24%
U with Me?
24%
10 Bands
21%
Come Thru
21%
Connect
21%
Fire & Desire
21%
Gyalchester
21%
Know Yourself
21%
Lose You
21%
Madiba Riddim
21%
No Long Talk
21%
Right Hand
21%
Summer Sixteen
21%
U.P.A.
21%
Up All Night
21%
Worst Behaviour
21%
You & the 6
21%
Big Rings
18%
Glow
18%
Jorja Interlude
18%
Lord Knows
18%
Madonna
18%
Miss Me
18%
Now & Forever
18%
Sacrifices
18%
Show Me a Good Time
18%
Skepta Interlude
18%
Summers Over Interlude
18%
The Motion
18%
The Real Her
18%
Too Much
18%
Used To
18%
We'll Be Fine
18%
Weston Road Flows
18%
With You
18%
30 for 30 Freestyle
15%
9AM in Dallas
15%
Buried Alive Interlude
15%
Can't Have Everything
15%
Charged Up
15%
Diamonds Dancing
15%
Get It Together
15%
Grammys
15%
Ice Melts
15%
Keep the Family Close
15%
Live from the Gutter
15%
Shot for Me
15%
Star67
15%
Successful
15%
Under Ground Kings
15%
Wednesday Night Interlude
15%
Company
12%
Digital Dash
12%
Fear
12%
Houstatlantavegas
12%
I'm the Plug
12%
No Tellin'
12%
Over My Dead Body
12%
Shut It Down
12%
Since Way Back
12%
Sneakin'
12%
The Ride
12%
Trophies
12%
Unforgettable
12%
0 to 100 / The Catch Up
9%
5AM in Toronto
9%
Cece's Interlude
9%
Change Locations
9%
Faithful
9%
Intro
9%
Jersey
9%
Light Up
9%
Money
9%
Plastic Bag
9%
Signs
9%
Thank Me Now
9%
The Resistance
9%
Two Birds, One Stone
9%
Brand New
6%
Hate Sleeping Alone
6%
I'm Goin' In
6%
Karaoke
6%
Little Bit
6%
Lust for Life
6%
Nothing Into Somethings
6%
November 18
6%
Outro
6%
Pound Cake / Paris Morton Music 2
6%
Scholarships
6%
About the Game
3%
All This Love
3%
AM 2 PM
3%
A Night Off
3%
A Scorpio's Mind
3%
Asthma Team
3%
Bad Meaning Good
3%
Bria's Interlude
3%
Cameras / Good Ones Go Interlude
3%
Can I
3%
City Is Mine
3%
Club Paradise
3%
Come Winter
3%
Do What You Do
3%
Extra Special
3%
Girls Love Beyonce
3%
Going In for Life
3%
How About Now
3%
I Get Lonely Too
3%
Ignant Shit
3%
Kick, Push
3%
Make Things Right
3%
Replacement Girl
3%
Say What's Real
3%
Special
3%
S.T.R.E.S.S.
3%
Thrill Is Gone
3%
Try Harder
3%
Uptown
3%
Video Girl
3%
We Made It
3%
Where to Now
3%
Barry Bonds
0%
Bitch is Crazy
0%
Closer
0%
Comeback Season
0%
Days in the East
0%
Don't U Have a Man
0%
Do What U Do
0%
Draft Day
0%
Drake's Voice Mail Box #1
0%
Drake's Voice Mail Box #2
0%
Drake's Voice Mail Box #3
0%
Dreams Money Can Buy
0%
Easy to Please
0%
Faded
0%
Give Ya
0%
Heat of the Moment
0%
Let's Call It Off
0%
Man of the Year
0%
Missin' You
0%
Must Hate Money
0%
My Side
0%
Pianist Hands
0%
Share
0%
Sooner or Later
0%
Teach U A Lesson
0%
The Clam
0%
The Last Hope
0%
The Presentation
0%
Think Good Thoughts
0%
Underdog
0%
Unstoppable
0%

Score Distribution

Percentile by Number Answered

Percent of People with Each Score

Your Score History

You have not taken this quiz